000 00875nam a2200217Ia 4500
999 _c55871
_d55871
001 22969
003 GE_BSU
005 20230609150635.0
008 181216s ||||ge |||||||||||||| ||geo||
040 _cGE_BSU
041 _ageo
080 _a81'25(075.8) გ-23
100 _aგაჩეჩილაძე, გივი
_95703
245 _aმხატვრული თარგმანის თეორიის შესავალი /
_cგივი გაჩეჩილაძე ; რედ. გ. ქველაძე.
264 _aთბილისი :
_b[?],
_c1966.
300 _a365 გვ. ;
_c 22 სმ.
541 _h2ლ. 20თ.
653 _aმხატვრული თარგმანის თეორიის შესავალი
700 _aქველაძე, გ.
_eრედაქტორი
_918600
942 _cBK
_2udc